Introducción al comercio exterior /
Guardado en:
| Autor Principal: | |
|---|---|
| Formato: | Libro |
| Idioma: | Spanish |
| Publicado: |
Buenos Aires :
Errepar,
c2015.
|
| Edición: | 1a. ed. |
| Materias: | |
| Etiquetas: |
Agregar Etiqueta
Sin Etiquetas, Sea el primero en etiquetar este registro!
|
| LEADER | 00687nam a22002055a 4500 | ||
|---|---|---|---|
| 001 | EAD.ead004439 | ||
| 008 | 200724s2015####ag#######b####000#0#spa#d | ||
| 005 | 20200724184810.0 | ||
| 245 | 1 | 0 | |a Introducción al comercio exterior / |c Héctor Félix Arese. |
| 250 | |a 1a. ed. | ||
| 260 | |a Buenos Aires : |b Errepar, |c c2015. | ||
| 300 | |a xliv, 595 p. ; |c 24 cm. | ||
| 500 | |a Incluye Diccionario de Comercio Exterior (p. 541-595). | ||
| 504 | |a Incluye referencias bibliográficas. | ||
| 020 | |a 9789870118374 | ||
| 100 | 1 | |a Arese, Héctor Félix. | |
| 082 | 0 | 4 | |a 382 |2 21 |
| 650 | 7 | |a Comercio exterior. |2 unbist | |
| 653 | |a Globalización | ||
| 859 | |a AR-BaBDC |b BIB. ADMINISTRACION - Libros |h 382 |i Ar33 |p b07087 | ||
